header

Psychology: (Record no. 254713)

MARC details
000 -LEADER
fixed length control field 00607nam a22001937a 4500
003 - CONTROL NUMBER IDENTIFIER
control field OSt
005 - DATE AND TIME OF LATEST TRANSACTION
control field 20221005123539.0
008 - FIXED-LENGTH DATA ELEMENTS--GENERAL INFORMATION
fixed length control field 160704b xxu||||| |||| 00| 0 eng d
010 ## - LIBRARY OF CONGRESS CONTROL NUMBER
LC control number 2011937545
020 ## - INTERNATIONAL STANDARD BOOK NUMBER
International Standard Book Number 9781111837488
International Standard Book Number 1111837481
040 ## - CATALOGING SOURCE
Transcribing agency DLC
Original cataloging agency DLC
Language of cataloging Eng
Description conventions rda
050 ## - LIBRARY OF CONGRESS CALL NUMBER
Classification number BF121
Item number .W38 2001
100 ## - MAIN ENTRY--PERSONAL NAME
Personal name Wayne Weiten
245 ## - TITLE STATEMENT
Title Psychology:
Remainder of title Themes and variations
Statement of responsibility, etc Wayne Weiten ; [edited by] Jon-David Hague, Trina Tom, Kristin Makarewyck.
250 ## - EDITION STATEMENT
Edition statement 9th Ed..
Remainder of edition statement Adapted International Student Ed.
260 ## - PUBLICATION, DISTRIBUTION, ETC. (IMPRINT)
Place of publication, distribution, etc Belmont, CA :
Name of publisher, distributor, etc Cengage/Wadsworth,
Date of publication, distribution, etc 2013
942 ## - ADDED ENTRY ELEMENTS (KOHA)
Source of classification or shelving scheme Library of Congress Classification
Koha item type Long Loan Books
Holdings
Withdrawn status Lost status Source of classification or shelving scheme Damaged status Not for loan Home library Current library Shelving location Date acquired Total Checkouts Full call number Barcode Date last seen Price effective from Koha item type
    Library of Congress Classification     Rongo University Library Rongo University Library General Stacks 04/07/2016   BF 121.W 38 2013 20090768 04/07/2016 04/07/2016 Long Loan Books

© 2026 Rongo University
Contact us: librarian | system librarian | Rongo university